In a Mexican garden : (Record no. 23881)

MARC details
000 -LEADER
fixed length control field 01728cam a22003614a 4500
001 - CONTROL NUMBER
control field 55665444
003 - CONTROL NUMBER IDENTIFIER
control field OCoLC
005 - DATE AND TIME OF LATEST TRANSACTION
control field 20200216201315.0
008 - FIXED-LENGTH DATA ELEMENTS--GENERAL INFORMATION
fixed length control field 040614t20052005caua b 000 0 eng
010 ## - LIBRARY OF CONGRESS CONTROL NUMBER
LC control number 2004013832
020 ## - INTERNATIONAL STANDARD BOOK NUMBER
International Standard Book Number 0811841308
040 ## - CATALOGING SOURCE
Original cataloging agency DLC
Language of cataloging eng
Transcribing agency DLC
Modifying agency YDX
-- UKM
-- OCO
-- OCL
-- HDY
041 ## - LANGUAGE CODE
Language code of text/sound track or separate title eng
042 ## - AUTHENTICATION CODE
Authentication code pcc
043 ## - GEOGRAPHIC AREA CODE
Geographic area code n-mx---
050 00 - LIBRARY OF CONGRESS CALL NUMBER
Classification number NA8375
Item number .L48 2005
082 00 - DEWEY DECIMAL CLASSIFICATION NUMBER
Classification number 728/.93/0972
Edition number 22
100 1# - MAIN ENTRY--PERSONAL NAME
Personal name Levick, Melba.
Authority record control number http://id.loc.gov/authorities/names/n88118192.
245 10 - TITLE STATEMENT
Title In a Mexican garden :
Remainder of title courtyards, pools, and open-air living rooms /
Statement of responsibility, etc. photographs by Melba Levick ; text by Gina Hyams.
264 #1 - PRODUCTION, PUBLICATION, DISTRIBUTION, MANUFACTURE, AND COPYRIGHT NOTICE
Place of production, publication, distribution, manufacture San Francisco :
Name of producer, publisher, distributor, manufacturer Chronicle Books,
Date of production, publication, distribution, manufacture, or copyright notice [2005]
264 #4 - PRODUCTION, PUBLICATION, DISTRIBUTION, MANUFACTURE, AND COPYRIGHT NOTICE
Date of production, publication, distribution, manufacture, or copyright notice ℗♭2005.
300 ## - PHYSICAL DESCRIPTION
Extent 176 pages :
Other physical details color illustrations ;
Dimensions 26 cm.
336 ## - CONTENT TYPE
Content type term text
Content type code txt
Source rdacontent.
337 ## - MEDIA TYPE
Media type term unmediated
Media type code n
Source rdamedia.
338 ## - CARRIER TYPE
Carrier type term volume
Carrier type code nc
Source rdacarrier.
504 ## - BIBLIOGRAPHY, ETC. NOTE
Bibliography, etc Includes bibliographical references (page 171).
650 #0 - SUBJECT ADDED ENTRY--TOPICAL TERM
Topical term or geographic name as entry element Patios
Authority record control number http://id.loc.gov/authorities/subjects/sh85098714
Geographic subdivision Mexico
Authority record control number http://id.loc.gov/authorities/names/n81013960
Form subdivision Pictorial works.
Authority record control number http://id.loc.gov/authorities/subjects/sh99001272.
650 #0 - SUBJECT ADDED ENTRY--TOPICAL TERM
Topical term or geographic name as entry element Outdoor living spaces
Authority record control number http://id.loc.gov/authorities/subjects/sh99000753
Geographic subdivision Mexico
Authority record control number http://id.loc.gov/authorities/names/n81013960
Form subdivision Pictorial works.
Authority record control number http://id.loc.gov/authorities/subjects/sh99001272.
650 #0 - SUBJECT ADDED ENTRY--TOPICAL TERM
Topical term or geographic name as entry element Gardens
Geographic subdivision Mexico
Authority record control number http://id.loc.gov/authorities/subjects/sh93005871
Form subdivision Pictorial works.
Authority record control number http://id.loc.gov/authorities/subjects/sh99001272.
655 #7 - INDEX TERM--GENRE/FORM
Genre/form data or focus term Illustrated works.
Source of term lcgft
Authority record control number http://id.loc.gov/authorities/genreForms/gf2014026111.
700 1# - ADDED ENTRY--PERSONAL NAME
Personal name Hyams, Gina.
Authority record control number http://id.loc.gov/authorities/names/n2001007870.
942 ## - ADDED ENTRY ELEMENTS (KOHA)
Koha item type Libro/Book
Source of classification or shelving scheme Dewey Decimal Classification
Holdings
Withdrawn status Lost status Damaged status Not for loan Home library Current library Date acquired Total Checkouts Total Renewals Barcode Date last seen Date checked out Price effective from Koha item type
        San Juan Del Sur -- Biblioteca San Juan Del Sur -- Biblioteca 25/11/2014 26 1 30005453 08/11/2019 13/05/2019 25/11/2014 Libro/Book

Powered by Koha